Mathematical physics /
Guardado en:
| Autor Principal: | |
|---|---|
| Formato: | Libro |
| Idioma: | English |
| Publicado: |
Amsterdam :
North-Holland,
1988.
|
| Series: | North-Holland mathematics studies ;
152 Notas de matemática (Rio de Janeiro, Brasil) ; no. 121. |
| Materias: | |
| Etiquetas: |
Agregar Etiqueta
Sin Etiquetas, Sea el primero en etiquetar este registro!
|
| LEADER | 01180pam a2200277 a 4500 | ||
|---|---|---|---|
| 001 | MAT.inmabb003250 | ||
| 008 | 880415s1988####ne#a#####b####001#0#eng## | ||
| 005 | 20170608144402.0 | ||
| 245 | 1 | 0 | |a Mathematical physics / |c Robert Carroll. |
| 260 | |a Amsterdam : |b North-Holland, |c 1988. | ||
| 300 | |a x, 399 p. : |b il. ; |c 25 cm. | ||
| 440 | 0 | |a North-Holland mathematics studies ; |v 152 | |
| 490 | 1 | |a Notas de matemática ; |v 121 | |
| 504 | |a Bibliografía: p. 377-391. | ||
| 505 | 0 | |a 1. Classical ideas and problems -- 2. Scattering theory and solitons -- 3. Some nonlinear analysis; some geometric formalism -- Appendix A. Introduction to linear functional analysis -- Appendix B. Selected topics in functional analysis -- Appendix C. Introduction to differential geometry. | |
| 510 | 4 | |a MR, |c 90g:00002 | |
| 020 | |a 0444704434 | ||
| 100 | 1 | |a Carroll, Robert Wayne, |d 1930- | |
| 830 | 0 | |a Notas de matemática (Rio de Janeiro, Brasil) ; |v no. 121. | |
| 650 | 0 | |a Mathematical physics. | |
| 084 | |a 00A05 (35-01 47-01 58-01 81-01) |2 MR | ||
| 084 | |a 35P25 |2 msc2000 | ||
| 084 | |a 35Q51 |2 msc2000 | ||
| 010 | |a 88011195 | ||
| 040 | |a DLC |c DLC |d DLC | ||
| 859 | |h 00A05 |i C319 |p A-6855 |b BIB. MATEMATICA | ||
